000 00297nam a22001217a 4500
005 20250901165808.0
008 250320b |||||||| |||| 00| 0 eng d
020 _a9789966229496
245 _aLulu ya maisha
_cJohn Habwe
260 _aNairobi:
_bJKF,
_c2013.
300 _a81 p.:
_c18 cm.
942 _2lcc
999 _c9335
_d9335